000 01050nam0a2200325 4500
001 RU\NLR\BIBL_A\010876793
005 20260409070146.0
010 _a978-5-905283-84-0
_9300
021 _aRU
_b2015-61943
_93680
035 _a(NILC)RuMoRGB-007999761
035 _a(NLR Aleph) 010876793
090 _a10484712
_c10484712
100 _a20151028d2015 |||y0rusy50 ca
101 1 _aeng
_crus
102 _aRU
105 _aac||z|||000yy
200 1 _aA journey in karate
_fMikhail Serebriannikov
_g[Engl. transl. by Paul Williams]
210 _aSt Petersburg
_cАураИнфо
_d2015
215 _a167 с.
_cил., портр.
_d21
541 0 _aПутешествие в каратэ
606 _aКаратэ
_3RU\NLR\AUTH\66158281
_91182300
675 _a796/799
686 1 _aЧ517.158
686 1 _aЦ4,8(5Я)361.12
700 1 _aSerebrjannikov
_bM.A.
_f1991-
_gMichail Aleksandrovič
801 0 _aRU
_bРГБ
_c20150818
_gRCR
942 _cBOOK
980 _aNB